大阪七将星 - Statistics

General Stats
  • This quiz has been taken 23 times
  • The average score is 5 of 7
Answer Stats
答案 % Correct
真田信繁
93%
毛利胜永
67%
后藤基次
67%
明石全登
67%
长宗我部盛亲
67%
大野治房
53%
木村重成
47%
No matching quizzes found
Score Distribution
Percent of People with Each Score
Percentile by Number Answered
Your Score History
You have not taken this quiz